| 000 | 02800nam0a2200385 4500 | ||
|---|---|---|---|
| 001 | RU\NLR\BIBL_A\012166035 | ||
| 005 | 20260407072439.0 | ||
| 010 |
_a9785903386536 _9350 |
||
| 021 |
_aRU _b2019-85482 _9КН-П-6230 |
||
| 035 | _a(RuMoRGB)010153356 | ||
| 035 | _a(NLR Aleph) 012166035 | ||
| 090 |
_a12215755 _c12215755 |
||
| 100 | _a20191217d2018 k y0rusy50 ca | ||
| 101 | 0 |
_arus _deng |
|
| 102 | _aRU | ||
| 105 | _aa|||zzzz101zy | ||
| 200 | 1 |
_aРадиационные технологии в сельском хозяйстве и пищевой промышленности: состояние и перспективы _dRadiation technologies in agriculture and food industry: current state and prospects _eсборник докладов Международной научно-практической конференции (Обнинск, 26-28 сентября 2018 г.) _fРоссийская академия наук, Министерство науки и высшего образования Российской Федерации, Федеральное государственное бюджетное научное учреждение "Всероссийский научно-исследовательский институт радиологии и агроэкологии" [и др. _gредакционная коллегия : ... О. А. Шубина, к.б.н. (отв. ред.) и др.] _zeng |
|
| 210 |
_aОбнинск _cФГБНУ ВНИИРАЭ _d2018 |
||
| 215 |
_a356 с. _cил., табл., цв. ил. _d29 |
||
| 300 | _aРез. англ. | ||
| 320 | _aБиблиогр. в конце ст. | ||
| 320 | _aАвт. указ.: с. 355-356 | ||
| 510 | 1 |
_aRadiation technologies in agriculture and food industry: current state and prospects _zeng |
|
| 606 | 1 |
_aРадиология сельскохозяйственная _jСъезды, совещания и т.п _91597587 _3RU\NLR\AUTH\661001285 |
|
| 606 | 1 |
_aПищевые продукты _jСъезды, совещания и т.п _xОбработка _xФизические методы _91878441 _3RU\NLR\AUTH\66853392 |
|
| 686 | 1 | _aЛ815.3я431(0) | |
| 686 | 1 | _aП015я431(0) | |
| 702 | 1 |
_aШубина _bО. А. _4340 |
|
| 711 | 1 | 2 |
_a"Радиационные технологии в сельском хозяйстве и пищевой промышленности: состояние и перспективы", международная научно-практическая конференция _eОбнинск _f2018 _9688715 _3RU\NLR\AUTH\880514049 |
| 712 | 0 | 2 |
_4557 _aРоссийская академия наук _3RU\NLR\AUTH\881057 _9272489 |
| 942 | _cBOOK | ||
| 980 | _aNBR | ||